Score 0/30 Timer 10:00
1 Play Today
% Correct
Florida
97.6%
Joseph Stalin
95.6%
The Netherlands
91.1%
Prime Minister
90.2%
Pocahontas
85.1%
Nelson Mandela
80%
San Francisco
78%
Poland
77.3%
Romulus and Remus
74%
United States
69.9%
Guy Fawkes
68%
Hundred Years' War
63.2%
Saigon
62.7%
John Wilkes Booth
62.1%
Roman Empire
61.3%
% Correct
John Adams
59.5%
Venus de Milo
58.3%
Brazil
58%
In God We Trust
56.8%
Scotland
55.3%
Maryland
54.5%
Ireland
45.7%
Bulgaria
41.3%
Mark Antony
39.5%
Constantinople
38.7%
Appomattox Court House
37.3%
Lord Byron
37.2%
Tel Aviv
33.5%
Puerto Rico
27.2%
António Guterres
6.7%
Remove Ads.
Support Sporcle.
Get the best of Sporcle when you Go Orange. This ad-free experience offers more features, more stats, and more fun while also helping to support Sporcle. Thank you for becoming a member.

You're not logged in!

Compare scores with friends on all Sporcle quizzes.
OR
Log In

Sporcle TV

Today on Sporcle TV


Watch our educational content, quiz creation guides, and fun videos on Sporcle TV.

Show Comments

Extras

Top Quizzes Today


Score Distribution

Paid Content

Your Account Isn't Verified!

In order to create a playlist on Sporcle, you need to verify the email address you used during registration. Go to your Sporcle Settings to finish the process.

Report this User

Report this user for behavior that violates our Community Guidelines.

Details: